<?xml version="1.0" encoding="UTF-8"?>
<record
    xmlns:xsi="http://www.w3.org/2001/XMLSchema-instance"
    xsi:schemaLocation="http://www.loc.gov/MARC21/slim http://www.loc.gov/standards/marcxml/schema/MARC21slim.xsd"
    xmlns="http://www.loc.gov/MARC21/slim">

  <leader>00733nam a2200157Ia 4500</leader>
  <datafield tag="999" ind1=" " ind2=" ">
    <subfield code="c">5427</subfield>
    <subfield code="d">5427</subfield>
  </datafield>
  <datafield tag="020" ind1=" " ind2=" ">
    <subfield code="a">0-415-41166-1(set)</subfield>
  </datafield>
  <datafield tag="082" ind1=" " ind2=" ">
    <subfield code="a">RR 306.4812 LEI-</subfield>
  </datafield>
  <datafield tag="245" ind1=" " ind2="0">
    <subfield code="a">Leisure studies: critical concepts in the social sciences</subfield>
  </datafield>
  <datafield tag="260" ind1=" " ind2=" ">
    <subfield code="a">London</subfield>
    <subfield code="b">Routledge</subfield>
    <subfield code="c">2007</subfield>
  </datafield>
  <datafield tag="440" ind1=" " ind2=" ">
    <subfield code="a">Critical concepts in the social sciences</subfield>
  </datafield>
  <datafield tag="500" ind1=" " ind2=" ">
    <subfield code="a">Contents : - Vol. 1. (Evolution of leisure as a subject: landmark studies and disciplinary contributions), (xxv, 517), - v. 2.(Leisure, space and place), (x, 505), - v. 3. (Leisure, participation and society), (x, 410), - v. 4. (Managing leisure resources: policy, planning and practice), (x, 339).</subfield>
  </datafield>
  <datafield tag="650" ind1=" " ind2=" ">
    <subfield code="a">Leisure</subfield>
    <subfield code="v">Social aspects</subfield>
  </datafield>
  <datafield tag="700" ind1=" " ind2=" ">
    <subfield code="a">Page, Stephen</subfield>
  </datafield>
  <datafield tag="700" ind1=" " ind2=" ">
    <subfield code="a">Connell, Joanne</subfield>
  </datafield>
  <datafield tag="942" ind1=" " ind2=" ">
    <subfield code="c">BK</subfield>
    <subfield code="2">ddc</subfield>
  </datafield>
  <datafield tag="952" ind1=" " ind2=" ">
    <subfield code="0">0</subfield>
    <subfield code="1">0</subfield>
    <subfield code="4">0</subfield>
    <subfield code="7">0</subfield>
    <subfield code="a">NASSDOC</subfield>
    <subfield code="b">NASSDOC</subfield>
    <subfield code="d">2007-02-02</subfield>
    <subfield code="e">BSB</subfield>
    <subfield code="h">V.1</subfield>
    <subfield code="i">2006-12-18</subfield>
    <subfield code="l">0</subfield>
    <subfield code="o">RR 306.4812 LEI-</subfield>
    <subfield code="p">43167</subfield>
    <subfield code="r">2019-04-18 00:00:00</subfield>
    <subfield code="w">2019-04-18</subfield>
    <subfield code="y">BK</subfield>
  </datafield>
  <datafield tag="952" ind1=" " ind2=" ">
    <subfield code="0">0</subfield>
    <subfield code="1">0</subfield>
    <subfield code="4">0</subfield>
    <subfield code="7">0</subfield>
    <subfield code="a">NASSDOC</subfield>
    <subfield code="b">NASSDOC</subfield>
    <subfield code="d">2007-02-02</subfield>
    <subfield code="e">BSB</subfield>
    <subfield code="h">V.2</subfield>
    <subfield code="i">2006-12-18</subfield>
    <subfield code="l">0</subfield>
    <subfield code="o">RR 306.4812 LEI-</subfield>
    <subfield code="p">43168</subfield>
    <subfield code="r">2019-04-18 00:00:00</subfield>
    <subfield code="w">2019-04-18</subfield>
    <subfield code="y">BK</subfield>
  </datafield>
  <datafield tag="952" ind1=" " ind2=" ">
    <subfield code="0">0</subfield>
    <subfield code="1">0</subfield>
    <subfield code="4">0</subfield>
    <subfield code="7">0</subfield>
    <subfield code="a">NASSDOC</subfield>
    <subfield code="b">NASSDOC</subfield>
    <subfield code="d">2007-02-02</subfield>
    <subfield code="e">BSB</subfield>
    <subfield code="h">V.3</subfield>
    <subfield code="i">2006-12-18</subfield>
    <subfield code="l">0</subfield>
    <subfield code="o">RR 306.4812 LEI-</subfield>
    <subfield code="p">43169</subfield>
    <subfield code="r">2019-04-18 00:00:00</subfield>
    <subfield code="w">2019-04-18</subfield>
    <subfield code="y">BK</subfield>
  </datafield>
  <datafield tag="952" ind1=" " ind2=" ">
    <subfield code="0">0</subfield>
    <subfield code="1">0</subfield>
    <subfield code="4">0</subfield>
    <subfield code="7">0</subfield>
    <subfield code="a">NASSDOC</subfield>
    <subfield code="b">NASSDOC</subfield>
    <subfield code="d">2007-02-02</subfield>
    <subfield code="e">BSB</subfield>
    <subfield code="h">V.4</subfield>
    <subfield code="i">2006-12-18</subfield>
    <subfield code="l">0</subfield>
    <subfield code="o">RR 306.4812 LEI-</subfield>
    <subfield code="p">43170</subfield>
    <subfield code="r">2019-04-18 00:00:00</subfield>
    <subfield code="w">2019-04-18</subfield>
    <subfield code="y">BK</subfield>
  </datafield>
</record>
